00617nam a22001931a 450000100060000000300080000600500170001400800410003103500190007204000300009104100080012108200230012910000210015224500850017326000550025830000270031350000380034065100450037827783BD-RjUL20211209051212.0140327s1968 caub 000 0 eng  a(BD-RjUL)27862 aLCbengcLCdTOCdBD-RjUL aeng00a309.1545bTAP 19681 aTandon, Prakash.10aPunjabi century, 1857-1947 /cPrakash Tandon ;With a foreword by Maurice Zinkin. aBerkeley :bUniversity of California Press,c1968. a274 p. :bmap.c20 cm. aSequel: Beyond Punjab, 1937-1960. 0aPunjab (India)xSocial life and customs.